| 000 | 01555 a2200253 4500 | ||
|---|---|---|---|
| 001 | 21208 | ||
| 005 | 20260407155503.0 | ||
| 008 | 260407a2011 arg spa d | ||
| 003 | AR-UNSa-BCEJYS | ||
| 040 |
_aAR-UNSa-BCEJYS _bspa _cAR-UNSa-BCEJYS |
||
| 080 |
_a342 _xDerecho constitucional (Derecho Público) |
||
| 245 | 1 | 0 | _aManual de derecho constitucional |
| 020 | _a978-987-551-193-4 | ||
| 264 | 1 |
_aCórdoba : _bAdvocatus _c2011 |
|
| 300 |
_a617 p. _c22 cm. |
||
| 505 | _a1. El constitucionalismo. El derecho constitucional - 2. La Constitución - 3. Antecedentes históricos. Reforma constitucional - 4. La Constitución Argentina - 5. Supremacía constitucional - 6. El estado federal argentino I - 7. El estado federal argentino II - 8. Derecho constitucional y relaciones internacionales - 9. Declaraciones, derecho y garantías - 10. Derechos constitucionales - 11. Derechos constitucionales - 12. Derechos constitucionales - 13. Los nuevos derechos en la Constitución - 14. Garantías constitucionales - 15. Limitaciones a los derechos y garantías - 16. La forma de gobierno en la Constitución - 17. El poder legislativo - 18. El Poder Ejecutivo - 19. El Poder Judicial - 20. El Poder Judicial II | ||
| 942 | _cBK | ||
| 590 | _aniveau_biblio:m niveau_hierar:0 | ||
| 100 | 1 | _aHaro, Ricardo | |
| 700 | 1 | _aCantaberta, María José | |
| 700 | 1 | _aJuárez Centeno, Carlos | |
| 700 | 1 | _aZanatta, Hugo | |
| 856 | 4 | 1 |
_uhttps://biblioeco.unsa.edu.ar/pmb/images/libros/Manual de Derecho Constitucional(ricardo haro).jpg _yImagen de portada _qimage/jpeg |
| 999 |
_c783 _d783 |
||